00472nam a2200157Ia 4500008004100000020001800041082001400059100003600073245004500109250000800154260003900162300002900201500000700230600002700237650005000264240925s9999 xx 000 0 und d a9788131790540 a004.6 KUR aKurose F. James; Ross W. Keith 0aComputer Networking: a top down approach a5th aLondon:bPearson educationc,2010. aviii,398p.bNAfOriginal aNA aEngineering Technology aComputer science, information & general works